| 000 | 00619nam a22002057a 4500 | ||
|---|---|---|---|
| 999 |
_c62430 _d62430 |
||
| 003 | Ge_BSU | ||
| 005 | 20241031145349.0 | ||
| 008 | 241031s2011 enk||||| |||| 00| 0 eng d | ||
| 020 | _a9780141033570x | ||
| 041 | _aeng | ||
| 080 | _a159.9 K-16 | ||
| 100 |
_aKahneman, Daniel _923567 |
||
| 245 |
_aThinking, fast and slow / _c Daniel Kahneman. |
||
| 264 |
_aLondon : _bPenguin Books, _c2011. |
||
| 300 |
_a500 p.; _b21 cm. |
||
| 653 | _aაზროვნება | ||
| 653 | _aინტუიცია | ||
| 653 | _aგადაწყვეტილების მიღება | ||
| 942 |
_2udc _cᲬᲘᲒᲜᲘ |
||